| 000 | 00580nam a22001817a 4500 | ||
|---|---|---|---|
| 005 | 20251108164649.0 | ||
| 008 | 250721s2000 xx 000 0 ara d | ||
| 082 | 1 | 4 | _a810.909564/أسد |
| 100 | 1 | _aالأسد، ناصرالدين | |
| 245 | 1 | 0 | _aالحياة الأدبية الحديثة في فلسطين و الأردن حتى سنة 1950 / |
| 264 | 1 |
_aعمان : _bمؤسسة عبدالحميد شومان، _c2000. |
|
| 300 | _a643ص. | ||
| 650 | 1 | 7 | _aالأدب العربي |
| 650 | 1 | 7 | _aالأردن |
| 650 | 1 | 7 | _aفلسطين |
| 942 |
_2ddc _cBK |
||
| 999 |
_c11277 _d11277 |
||